Robert Schuller, my father & my friend / (Record no. 4999)
[ view plain ]
| 000 -LEADER | |
|---|---|
| fixed length control field | 00868cam a2200265 i 4500 |
| 001 - CONTROL NUMBER | |
| control field | 1830964 |
| 003 - CONTROL NUMBER IDENTIFIER | |
| control field | GBCCL |
| 005 - DATE AND TIME OF LATEST TRANSACTION | |
| control field | 20241126110531.0 |
| 008 - FIXED-LENGTH DATA ELEMENTS--GENERAL INFORMATION | |
| fixed length control field | 800904s1980 wiua 000 0beng |
| 010 ## - | |
| -- | 80126499 |
| 020 ## - INTERNATIONAL STANDARD BOOK NUMBER | |
| International Standard Book Number | 0895420252 |
| 040 ## - CATALOGING SOURCE | |
| Original cataloging agency | DLC |
| Transcribing agency | DLC |
| Modifying agency | DLC |
| 043 ## - | |
| -- | n-us--- |
| 050 00 - | |
| -- | BX9543.S36 |
| -- | C64 |
| 082 00 - DEWEY DECIMAL CLASSIFICATION NUMBER | |
| Classification number | 285.732092 |
| -- | B |
| Edition information | 19 |
| Item number | COL |
| 100 1# - MAIN ENTRY--PERSONAL NAME | |
| Personal name | Coleman, Sheila Schuller. |
| 9 (RLIN) | 9023 |
| 245 10 - TITLE STATEMENT | |
| Title | Robert Schuller, my father & my friend / |
| Statement of responsibility, etc. | by Sheila Schuller Coleman. |
| 260 ## - PUBLICATION, DISTRIBUTION, ETC. | |
| Place of publication, distribution, etc. | Milwaukee, Wis. : |
| Name of publisher, distributor, etc. | Ideals Pub. Corp., |
| Date of publication, distribution, etc. | c1980. |
| 300 ## - PHYSICAL DESCRIPTION | |
| Extent | 191 p. : |
| Other physical details | ill. ; |
| Dimensions | 21 cm. |
| 600 10 - SUBJECT ADDED ENTRY--PERSONAL NAME | |
| Personal name | Schuller, Robert H. |
| Fuller form of name | (Robert Harold), |
| Dates associated with a name | 1926-2015. |
| 9 (RLIN) | 1208 |
| 610 20 - SUBJECT ADDED ENTRY--CORPORATE NAME | |
| Corporate name or jurisdiction name as entry element | Reformed Church in America |
| General subdivision | Clergy |
| -- | Biography. |
| 9 (RLIN) | 9024 |
| 650 #0 - SUBJECT ADDED ENTRY--TOPICAL TERM | |
| Topical term or geographic name entry element | Fathers and sons |
| Geographic subdivision | United States. |
| 9 (RLIN) | 9025 |
| 906 ## - LOCAL DATA ELEMENT F, LDF (RLIN) | |
| a | 7 |
| b | cbc |
| c | orignew |
| d | u |
| e | ncip |
| f | 19 |
| g | y-gencatlg |
| 942 ## - ADDED ENTRY ELEMENTS (KOHA) | |
| Source of classification or shelving scheme | Dewey Decimal Classification |
| Koha item type | Books |
| Withdrawn status | Lost status | Source of classification or shelving scheme | Damaged status | Not for loan | Home library | Current Library | Shelving location | Date acquired | Total checkouts | Full call number | Barcode | Date last seen | Copy number | Price effective from | Koha item type |
|---|---|---|---|---|---|---|---|---|---|---|---|---|---|---|---|
| Dewey Decimal Classification | GRACE BIBLE COLLEGE | GRACE BIBLE COLLEGE | Church History | 2018-02-19 | 285.732092 COL | 009656 | 2025-05-01 | c.1 | 2018-02-19 | Books |